| 000 | 00789nam a2200205 a 4500 | ||
|---|---|---|---|
| 008 | 101027s2009 ||||||||||||||||| || u | ||
| 020 | _a9781412956963 | ||
| 050 | _aP 93.7 All | ||
| 100 | _aHunt, Stephen K | ||
| 245 | 1 | 0 |
_aQuantitative research in communication _cMike Allen, Scott Titsworth, Stephen K. Hunt |
| 260 |
_aThousand Oaks, CA _bSAGE Publications _c2009 |
||
| 300 | _axi, 242p.: ill | ||
| 350 | _a0.00 | ||
| 650 | _aRESEARCH COLLABORATION | ||
| 650 | _aCOMMUNICATION--DATA PROCESSING | ||
| 650 | _aCOMMUNICATION--STATISTICAL METHODS | ||
| 700 | _aAllen, Mike, 1959- | ||
| 700 | _aTitsworth, Scott | ||
| 995 |
_D0.00 _FCBU-MAIN LIBRARY (Kitwe) _H1 _I0.00 _M1 _UAVAILABLE _WNov 23, 2010 _ZMain Library Open Access Collection |
||
| 999 |
_c55463 _d55463 |
||